| 000 | 01627nam2a22002651 4500 | ||
|---|---|---|---|
| 001 | RU\NLR\INFOCOMM31\1000097878 | ||
| 005 | 20250617055221.0 | ||
| 035 | _a(NLR Aleph) 002501230 | ||
| 090 |
_a2595023 _c2595023 |
||
| 100 | _a20040819d1976 |||y0rusy50 ca | ||
| 101 | 0 | _arus | |
| 102 | _aRU | ||
| 105 | _ay ||||||||| | ||
| 200 | 1 |
_aПятилетний план предприятия бытового обслуживания населения и совершенствование методов его составления _fВ.И. Пирогов, Г.А. Винецкий |
|
| 210 |
_d1976 _aБ. м. |
||
| 461 | 0 |
_1001RU\NLR\INFOCOMM31\1000097845 _12001#$aБытовое обслуживание населения$eОбзор. информ.$hСерия 12$iЭкономика и организация бытового обслуживания населения (общеотраслевые вопросы)$fМ-во быт. обслуж. населения РСФСР. ЦБНТИ$v1976, №1 _92594861 _cМ. _d1968- _fМ-во быт. обслуж. населения РСФСР. ЦБНТИ _hСерия 12 _iЭкономика и организация бытового обслуживания населения (общеотраслевые вопросы) _oОбзор. информ. _tБытовое обслуживание населения _x0203-4107 _v1976, №1 |
|
| 700 | 1 |
_aПирогов _bВ.И. _4070 |
|
| 701 | 1 |
_aВинецкий _bГ.А. _4070 |
|
| 801 | 1 |
_aRU _bInfoComm _c20040819 |
|
| 801 | 0 |
_aRU _bNLR _gPSBO |
|
| 852 |
_aNLR _jП22/3011 |
||
| 942 | _cISSUE | ||
| 980 | _aNB | ||
| 980 | _aRUSPER | ||